Jusqu'au soir : Roman

Shranjeno v:
Bibliografske podrobnosti
Glavni avtor: Junnosuke, Yoshiyuki
Format: Knjiga
Jezik:Undetermined
Izdano: France Éditions du Rocher 2006
Teme:
Oznake: Označite
Brez oznak, prvi označite!
Thư viện lưu trữ: Trung tâm Học liệu Trường Đại học Cần Thơ
LEADER 00531nam a2200193Ia 4500
001 CTU_152374
008 210402s9999 xx 000 0 und d
020 |c 6 
082 |a 895.6 
082 |b Y65 
100 |a Junnosuke, Yoshiyuki 
245 0 |a Jusqu'au soir : 
245 0 |b Roman 
245 0 |c Junnosuke Yoshiyuki ; Traduit du japonais par Silvain Chupin 
260 |a France 
260 |b Éditions du Rocher 
260 |c 2006 
650 |a Jappanese literature 
980 |a Trung tâm Học liệu Trường Đại học Cần Thơ